000 00329nam a2200121Ia 4500
008 240731s9999 xx 000 0 und d
022 _a2029-4921
245 0 _aTechnological and Economic Development of Economy
260 _bTaylor & Francis
856 _uhttps://www.tandfonline.com/loi/tted21
942 _2ddc
942 _cTFEJ
999 _c79817
_d79817
945 _a1
_bMadushi Gamage
_c1
_dMadushi Gamage